[Event "Ile et Vilaine-ch"]
[Site "Ile et Vilaine"]
[Date "2003.02.15"]
[Round "6"]
[White "Le Tue, Anthony"]
[Black "Yche, Michel"]
[Result "1-0"]
[WhiteElo "1790"]
[BlackElo "2100"]
[PlyCount "59"]
[EventDate "2002.10.19"]
[EventType "swiss"]
[EventRounds "7"]
[EventCountry "FRA"]
[SourceTitle "EXT 2008"]
[Source "ChessBase"]
[SourceDate "2007.11.25"]
[SourceVersion "1"]
[SourceVersionDate "2007.11.25"]
[SourceQuality "1"]

1. e4 e6 2. d4 d5 3. e5 c5 4. Nc3 Nc6 5. Nf3 Qb6 6. Be3 cxd4 7. Bxd4 Nxd4 8. Nxd4 Qxb2 9. Ncb5 Bb4+ 10. Ke2 Ba5 11. Rb1 Qxa2 12. Nd6+ Kf8 13. Ra1 Qb2 14. Rxa5 b6 15. Qa1 Qb4 16. Rxa7 Rxa7 17. Qxa7 Ne7 18. Qxe7+ Kxe7 19. Nc6+ Kd7 20. Nxb4 f6 21. f4 fxe5 22. fxe5 Rf8 23. Ke3 Kc7 24. c4 g5 25. g3 dxc4 26. Bxc4 Bd7 27. Rf1 Ra8 28. Na6+ Kc6 29. Bb5+ Kd5 30. Nc7+ 1-0